چند کتا بيں چند خيا ل (Record no. 164916)

MARC details
000 -LEADER
fixed length control field 00698nam a22001937a 4500
005 - DATE AND TIME OF LATEST TRANSACTION
control field 20190530112011.0
010 ## - LCCN (DPL NO)
LC control number UR-10161
020 ## - INTERNATIONAL STANDARD BOOK NUMBER
Terms of availability 300.00
International Standard Book Number 9789388105446
035 ## - SYSTEM CONTROL NUMBER
System control number U-8716
037 ## - SOURCE OF ACQUISITION
Source of stock number/acquisition DBAD/PUB
082 ## - DEWEY DECIMAL CLASSIFICATION NUMBER
Classification number 840.08
100 ## - MAIN ENTRY--PERSONAL NAME
Personal name ر ضو ا ن اللہ آ ر و ی
245 ## - TITLE STATEMENT
Title چند کتا بيں چند خيا ل
Statement of responsibility, etc ر ضو ا ن اللہ آ ر و ی
246 ## - VARYING FORM OF TITLE
Remainder of title ‏Chand Kitamen Chand Khayaal(Urdu)
Title proper/short title by Rizwanullah Arvi
260 ## - PUBLICATION, DISTRIBUTION, ETC. (IMPRINT)
Place of publication, distribution, etc Delhi
Name of publisher, distributor, etc Educational Publishing House
Date of publication, distribution, etc 2018 ء
270 ## - ADDRESS
Address 3191،Vakil Street,Kucha Pandit,Lal Kuan,
City Delhi
Postal code 110006
Telephone number 23216162
Fax number 00911123211540
300 ## - PHYSICAL DESCRIPTION
Extent 251ص
Dimensions 22 Cm(B.b)
942 ## - ADDED ENTRY ELEMENTS (KOHA)
Source of classification or shelving scheme Dewey Decimal Classification
Item type Urdu Bks
Classification part 840.8
Call number suffix آ ر و
Holdings
Withdrawn status Lost status Not for loan Collection code Home library Current library Date acquired Source of acquisition Cost, normal purchase price Full call number Barcode Copy number Cost, replacement price Koha item type
    Not For Loan Non-fiction D.B.Act.Division D.B.Act.Division 30/05/2019 DBAD/PUB 300.00 840.8 آ ر و U-8716 1 300.00 Urdu Bks

© Delhi Public Library
Hit Counter
free hit counter